100 Most Common Words in Titles of Featured Quizzes - Statistics

General Stats
  • This quiz has been taken 386 times
  • The average score is 39 of 102
Answer Stats
# WORD % Correct
43 A
98%
20 T
98%
21 B
95%
21 C
95%
19 M
95%
19 S
95%
19 G
92%
19 D
90%
258 The
90%
61 Most
78%
194 of
77%
232 in
75%
244 Quiz
74%
51 Word
74%
156 Countries
73%
114 Country
73%
45 to
73%
312 #2
69%
99 #3
67%
37 #4
66%
114 US
64%
65 World
64%
75 Name
62%
438 by
59%
172 with
59%
19 100
58%
54 and
57%
36 State
56%
171 Words
56%
41 City
51%
209 Letter
50%
118 Movie
49%
22 Capital
48%
199 Cities
48%
193 that
48%
44 Top
47%
45 Map
46%
50 are
45%
39 Song
42%
30 States
42%
64 Title
42%
22 For
40%
64 History
40%
102 Geography
39%
145 Knowledge
37%
114 Biggest
36%
32 From
36%
114 Names
36%
24 Capitals
35%
35 First
35%
66 People
35%
56 Who
35%
145 General
33%
142 Movies
33%
29 Random
31%
67 Start
31%
39 Last
28%
48 Songs
27%
33 Titles
26%
56 American
25%
112 Answers
25%
53 Animals
24%
170 Famous
24%
29 Sports
24%
30 Year
24%
19 Food
22%
24 Football
22%
28 European
20%
20 New
20%
32 Team
19%
21 Books
18%
64 TV
18%
34 NBA
17%
19 English
16%
52 Groups
15%
39 Lyrics
15%
23 Picture
15%
31 Teams
15%
88 Things
15%
27 Baseball
14%
35 NFL
13%
122 Vocabulary
13%
93 Characters
12%
83 Trivia
12%
36 Clue
10%
32 Foods
10%
24 Players
10%
24 Historical
8%
35 Contain
7%
26 Did
7%
37 A-Z
5%
54 Quotes
5%
25 College
4%
32 Double
4%
35 Musical
4%
20 Initials
3%
24 Acts
2%
46 Fictional
2%
25 Locations
2%
25 Acronyms
1%
22 Analogies
1%
20 Nicknames
1%
No matching quizzes found
Score Distribution
Percent of People with Each Score
Percentile by Number Answered
Your Score History
You have not taken this quiz